Circuit theory with computer methods / (Record no. 180951)
[ view plain ]
| 000 -LEADER | |
|---|---|
| fixed length control field | 01009 a2200217 4500 |
| 003 - CONTROL NUMBER IDENTIFIER | |
| control field | Nust |
| 005 - DATE AND TIME OF LATEST TRANSACTION | |
| control field | 20221103182214.0 |
| 010 ## - LIBRARY OF CONGRESS CONTROL NUMBER | |
| LC control number | 77028685 |
| 020 ## - INTERNATIONAL STANDARD BOOK NUMBER | |
| International Standard Book Number | 0070709874 |
| 040 ## - CATALOGING SOURCE | |
| Transcribing agency | Nust |
| 082 00 - DEWEY DECIMAL CLASSIFICATION NUMBER | |
| Classification number | 621.3192,WIN |
| 100 1# - MAIN ENTRY--PERSONAL NAME | |
| Personal name | Wing, Omar. |
| 9 (RLIN) | 102357 |
| 245 10 - TITLE STATEMENT | |
| Title | Circuit theory with computer methods / |
| Statement of responsibility, etc. | Omar Wing. |
| 260 ## - PUBLICATION, DISTRIBUTION, ETC. | |
| Place of publication, distribution, etc. | Washington : |
| Name of publisher, distributor, etc. | Hemisphere Pub. Corp., |
| Date of publication, distribution, etc. | c1978. |
| 300 ## - PHYSICAL DESCRIPTION | |
| Extent | xiv, 529 p. : |
| Other physical details | ill. ; |
| Dimensions | 25 cm. |
| 505 ## - FORMATTED CONTENTS NOTE | |
| Formatted contents note | Fundamental Laws (Page-10), Electrical Elements (Page-41), Analysis of Simple Linear Circuits (Page-95), First-and Second-Order Circuits (Page-144), Simple Nonlinear Circuits (Page-203), Formulation of Circuits Equation (Page-232), Circuits in the Sinusoidal Steady State (Page-302), Frequency-Domain Analysis (Page-357), Time-Domain Analysis (Page-434), Multiterminal Circuits (Page-480). |
| 650 #0 - SUBJECT ADDED ENTRY--TOPICAL TERM | |
| Topical term or geographic name entry element | Electric circuits. |
| 9 (RLIN) | 10997 |
| 650 #0 - SUBJECT ADDED ENTRY--TOPICAL TERM | |
| Topical term or geographic name entry element | Electric networks |
| General subdivision | Data processing. |
| 9 (RLIN) | 95190 |
| 650 #0 - SUBJECT ADDED ENTRY--TOPICAL TERM | |
| Topical term or geographic name entry element | Electrical engineering |
| General subdivision | Mathematics. |
| 9 (RLIN) | 55701 |
| 942 ## - ADDED ENTRY ELEMENTS (KOHA) | |
| Source of classification or shelving scheme | |
| Koha item type | Book |
| Withdrawn status | Lost status | Source of classification or shelving scheme | Damaged status | Not for loan | Permanent Location | Current Location | Shelving location | Date acquired | Full call number | Barcode | Date last seen | Price effective from | Koha item type | Public note | Total Checkouts |
|---|---|---|---|---|---|---|---|---|---|---|---|---|---|---|---|
| Military College of Signals (MCS) | Military College of Signals (MCS) | General Stacks | 12/12/2016 | 621.3192,WIN | MCS6437 | 12/08/2016 | 12/12/2016 | Book | Almirah No.30, Shelf No.1 | ||||||
| Military College of Signals (MCS) | Military College of Signals (MCS) | General Stacks | 12/12/2016 | 621.3192,WIN | MCS6460 | 12/08/2016 | 12/12/2016 | Book | Almirah No.30, Shelf No.1 | ||||||
| Military College of Signals (MCS) | Military College of Signals (MCS) | General Stacks | 11/03/2022 | 621.3192,WIN | MCS197 | 11/03/2022 | 11/03/2022 | Book | Almirah No.30, Shelf No.1 |
